000 00272nam a22001211a 4500
999 _c153900
_d153900
082 _a
_b
245 _aUGC NET SLET JRF history/
_cby Sanjay Kumar (ed.)
260 _a
_bRamesh,
_c2005.
300 _a756p.
650 _a
700 _aSanjay Kumar (ed.)
942 _cBK